[Event "Oberliga NRW 2122"]
[Site "Germany"]
[Date "2022.04.10"]
[Round "8.7"]
[White "Kraemer, Matthias"]
[Black "Eggenstein, Frank"]
[Result "1/2-1/2"]
[WhiteElo "2230"]
[BlackElo "2001"]
[PlyCount "38"]
[EventDate "2021.10.31"]
[EventType "team-tourn"]
[EventRounds "9"]
[EventCountry "GER"]
[SourceTitle "EXT 2023"]
[Source "ChessBase"]
[SourceDate "2022.10.05"]
[SourceVersion "1"]
[SourceVersionDate "2022.10.05"]
[SourceQuality "1"]
[WhiteTeam "Bochum II"]
[BlackTeam "Erkenschwick"]
[WhiteTeamCountry "GER"]
[BlackTeamCountry "GER"]

1. e4 d5 2. exd5 Qxd5 3. Nc3 Qa5 4. d4 Nf6 5. Bc4 Bg4 6. f3 Bd7 7. Bd2 Qb6 8. Nge2 e6 9. a4 a5 10. 0-0 Be7 11. Bf4 0-0 12. Kh1 Rd8 13. Ne4 Be8 14. c3 Nd5 15. Bd2 Nd7 16. Qb1 c5 17. Qa2 cxd4 18. Nxd4 Ne5 19. Be2 Nc6 1/2-1/2

[Event "Vellmar op 10th"]
[Site "Vellmar"]
[Date "2018.07.15"]
[Round "6"]
[White "Weiss, Jochen"]
[Black "Eggenstein, Frank"]
[Result "1-0"]
[WhiteElo "2145"]
[BlackElo "1987"]
[PlyCount "67"]
[EventDate "2018.07.12"]
[EventType "swiss"]
[EventRounds "7"]
[EventCountry "GER"]
[SourceTitle "CBM 185 Extra"]
[Source "ChessBase"]
[SourceDate "2018.07.29"]
[SourceVersion "1"]
[SourceVersionDate "2018.07.29"]
[SourceQuality "1"]

1. d4 Nf6 2. c4 g6 3. Nc3 Bg7 4. e4 d6 5. f3 0-0 6. Bg5 a6 7. Qd2 Nc6 8. Nge2 Rb8 9. Nc1 e5 10. d5 Nd4 11. Nb3 c5 12. dxc6 bxc6 13. Nxd4 exd4 14. Qxd4 h6 15. Bxf6 Bxf6 16. Qd2 Qa5 17. Nd1 Qc5 18. Rb1 Rd8 19. b4 Qa7 20. Bd3 d5 21. exd5 Re8+ 22. Kf1 cxd5 23. c5 Bg5 24. Qf2 Qe7 25. g4 Bf4 26. Kg2 Qe5 27. h3 h5 28. a3 Bb7 29. Rb2 d4 30. Re2 Be3 31. Qg3 Qe6 32. Nxe3 dxe3 33. Rhe1 h4 34. Qf4 1-0

[Event "Vellmar op 10th"]
[Site "Vellmar"]
[Date "2018.07.14"]
[Round "4"]
[White "Hahn, Florian"]
[Black "Eggenstein, Frank"]
[Result "1/2-1/2"]
[WhiteElo "2189"]
[BlackElo "1987"]
[PlyCount "34"]
[EventDate "2018.07.12"]
[EventType "swiss"]
[EventRounds "7"]
[EventCountry "GER"]
[SourceTitle "CBM 185 Extra"]
[Source "ChessBase"]
[SourceDate "2018.07.29"]
[SourceVersion "1"]
[SourceVersionDate "2018.07.29"]
[SourceQuality "1"]

1. Nf3 g6 2. c4 Bg7 3. d4 d6 4. g3 Nf6 5. Bg2 0-0 6. Nc3 Nbd7 7. 0-0 e5 8. h3 a6 9. e4 b5 10. Re1 b4 11. Nd5 Rb8 12. Bg5 c6 13. Nxf6+ Bxf6 14. Be3 Qc7 15. c5 dxc5 16. dxe5 Nxe5 17. Nxe5 Bxe5 1/2-1/2

[Event "Werther Schloss op 24th"]
[Site "Werther"]
[Date "2018.03.22"]
[Round "1"]
[White "Boe, Mads"]
[Black "Eggenstein, Frank"]
[Result "1-0"]
[WhiteElo "2290"]
[BlackElo "2001"]
[PlyCount "75"]
[EventDate "2018.03.22"]
[EventType "swiss"]
[EventRounds "7"]
[EventCountry "GER"]
[SourceTitle "CBM 183 Extra"]
[Source "ChessBase"]
[SourceDate "2018.04.19"]
[SourceVersion "1"]
[SourceVersionDate "2018.04.19"]
[SourceQuality "1"]

1. e4 e6 2. d4 d5 3. e5 c5 4. c3 Nc6 5. Be3 Nh6 6. Bd3 Nf5 7. Nf3 Nxe3 8. fxe3 g6 9. 0-0 Bh6 10. Qe1 b6 11. Nbd2 0-0 12. h3 Bg7 13. Nh2 f6 14. exf6 Bxf6 15. Ng4 Bg7 16. Rxf8+ Kxf8 17. Nf3 a6 18. Qg3 Ra7 19. a3 Kg8 20. Rd1 Qc7 21. Qh4 Qe7 22. Ng5 Bf6 23. Qxh7+ Qxh7 24. Nxf6+ Kh8 25. Nfxh7 Rxh7 26. Nxh7 Kxh7 27. b4 c4 28. Bc2 Na7 29. a4 Bd7 30. h4 Kg7 31. Kh2 Nc8 32. g4 Nd6 33. Kg3 Be8 34. Kf4 Nf7 35. Ra1 Kf6 36. g5+ Kg7 37. a5 b5 38. Rh1 1-0

[Event "NRW Class1 1718"]
[Site "Germany"]
[Date "2018.02.18"]
[Round "6.7"]
[White "Eggenstein, Frank"]
[Black "Lemli, Thomas"]
[Result "1/2-1/2"]
[WhiteElo "1973"]
[BlackElo "1976"]
[PlyCount "131"]
[EventDate "2017.09.17"]
[EventType "team-tourn"]
[EventRounds "9"]
[EventCountry "GER"]
[SourceTitle "EXT 2019"]
[Source "ChessBase"]
[SourceDate "2018.10.10"]
[SourceVersion "1"]
[SourceVersionDate "2018.10.10"]
[SourceQuality "1"]
[WhiteTeam "Erkenschwick"]
[BlackTeam "Emsdetten Rochade"]
[WhiteTeamCountry "GER"]
[BlackTeamCountry "GER"]

1. e4 c6 2. d4 d5 3. Nc3 dxe4 4. Nxe4 Nd7 5. Bc4 Ngf6 6. Nxf6+ Nxf6 7. c3 Qc7 8. Qb3 e6 9. Nf3 Bd6 10. 0-0 0-0 11. Re1 b6 12. Bg5 Bb7 13. Rac1 Nd5 14. Bh4 c5 15. Bg3 Nf4 16. Qd1 Rad8 17. Bf1 Ng6 18. Qe2 Bf4 19. Rcd1 Bxg3 20. hxg3 Bxf3 21. gxf3 cxd4 22. cxd4 Rd6 23. Rd3 Rfd8 24. Red1 Ne7 25. f4 R8d7 26. Bg2 Qd8 27. Qe4 h6 28. Kf1 Rd5 29. Bh3 R7d6 30. Ke2 g6 31. a3 Kg7 32. R1d2 Nc6 33. Kf1 Rxd4 34. Rxd4 Rxd4 35. Rxd4 Nxd4 36. Qb7 a5 37. Qe4 Qd6 38. Bg2 Nb3 39. Qc2 Nc5 40. Qc3+ Kg8 41. Ke2 g5 42. fxg5 hxg5 43. Qf6 Qd3+ 44. Ke1 Qb1+ 45. Kd2 Qd3+ 46. Ke1 Ne4 47. Bxe4 Qxe4+ 48. Kf1 Qh1+ 49. Ke2 Qe4+ 50. Kf1 Qd3+ 51. Kg1 Qd1+ 52. Kh2 Qd5 53. Kg1 Qd1+ 54. Kh2 Qd5 55. Kg1 Kf8 56. Kf1 Ke8 57. Ke2 Qe4+ 58. Kf1 Qd5 59. Ke2 Qe4+ 60. Kf1 g4 61. Kg1 Qb1+ 62. Kg2 Qe4+ 63. Kg1 Qb1+ 64. Kg2 Qe4+ 65. Kg1 Qb1+ 66. Kg2 1/2-1/2

[Event "NRW Class1 1718"]
[Site "Germany"]
[Date "2017.09.17"]
[Round "1.8"]
[White "Kesseler, Heiko"]
[Black "Eggenstein, Frank"]
[Result "1-0"]
[WhiteElo "2017"]
[BlackElo "1973"]
[PlyCount "61"]
[EventDate "2017.09.17"]
[EventType "team-tourn"]
[EventRounds "9"]
[EventCountry "GER"]
[SourceTitle "EXT 2019"]
[Source "ChessBase"]
[SourceDate "2018.10.10"]
[SourceVersion "1"]
[SourceVersionDate "2018.10.10"]
[SourceQuality "1"]
[WhiteTeam "Duesseldorf II"]
[BlackTeam "Erkenschwick"]
[WhiteTeamCountry "GER"]
[BlackTeamCountry "GER"]

1. e4 e6 2. d4 d5 3. Nc3 Nf6 4. Bg5 dxe4 5. Nxe4 Nbd7 6. Nf3 h6 7. Bh4 Be7 8. Nxf6+ Nxf6 9. Bd3 c5 10. 0-0 a6 11. c3 cxd4 12. Nxd4 Nd5 13. Bg3 0-0 14. Bc2 Bf6 15. Qd3 g6 16. Rfe1 Ne7 17. Rad1 Bxd4 18. Qxd4 Qxd4 19. Rxd4 Nf5 20. Bxf5 exf5 21. Re7 b5 22. Be5 Be6 23. b3 Rfc8 24. Rd6 Rd8 25. Ra7 g5 26. f3 Kf8 27. Bf6 Rdc8 28. Rdxa6 Rxa7 29. Rxa7 Ke8 30. Re7+ Kf8 31. Rb7 1-0

[Event "NRW Class2 1617"]
[Site "Germany"]
[Date "2017.02.12"]
[Round "6.7"]
[White "Eggenstein, Frank"]
[Black "Austrup, David"]
[Result "0-1"]
[WhiteElo "2077"]
[BlackElo "1932"]
[PlyCount "84"]
[EventDate "2016.09.25"]
[EventType "team-tourn"]
[EventRounds "9"]
[EventCountry "GER"]
[SourceTitle "EXT 2023"]
[Source "ChessBase"]
[SourceDate "2022.10.05"]
[SourceVersion "1"]
[SourceVersionDate "2022.10.05"]
[SourceQuality "1"]
[WhiteTeam "Erkenschwick"]
[BlackTeam "Muenster SK II"]
[WhiteTeamCountry "GER"]
[BlackTeamCountry "GER"]

1. e4 c5 2. Nf3 d6 3. Bb5+ Bd7 4. Bxd7+ Qxd7 5. 0-0 Nc6 6. c3 Nf6 7. Re1 e6 8. d4 cxd4 9. Nxd4 Be7 10. c4 0-0 11. Nc3 Rfd8 12. Bg5 Rac8 13. Qd2 h6 14. Bh4 d5 15. cxd5 exd5 16. Nf5 Nxe4 17. Nxe7+ Nxe7 18. Nxe4 dxe4 19. Qxd7 Rxd7 20. Rxe4 g5 21. Bg3 f5 22. Ra4 f4 23. Bxf4 gxf4 24. Rxa7 Rc2 25. a4 Rxb2 26. a5 Ra2 27. Rb1 Nc6 28. Ra8+ Kg7 29. f3 Rxa5 30. Rxa5 Nxa5 31. Rb4 Rf7 32. Kf2 Nc6 33. Rc4 Ne5 34. Re4 Ng6 35. Rb4 Ne5 36. Kf1 Kg6 37. Rb6+ Nc6 38. Kf2 Kf5 39. g3 fxg3+ 40. hxg3 Ke5 41. Ke3 Kd6 42. Rb5 Rxf3+ 0-1

[Event "Heusenstamm Sparkassen op-A 3rd"]
[Site "Heusenstamm"]
[Date "2016.11.27"]
[Round "6"]
[White "Eggenstein, Frank"]
[Black "Koellner, Ruben Gideon"]
[Result "0-1"]
[WhiteElo "2077"]
[BlackElo "1979"]
[PlyCount "57"]
[EventDate "2016.11.24"]
[EventType "swiss"]
[EventRounds "7"]
[EventCountry "GER"]
[SourceTitle "EXT 2018"]
[Source "ChessBase"]
[SourceDate "2017.10.13"]
[SourceVersion "1"]
[SourceVersionDate "2017.10.13"]
[SourceQuality "1"]

1. e4 d6 2. d4 Nf6 3. Nc3 e5 4. d5 Be7 5. f3 0-0 6. Be3 c6 7. Qd2 a6 8. 0-0-0 cxd5 9. exd5 b5 10. g4 h6 11. h4 Nh7 12. Bxh6 gxh6 13. Qxh6 f5 14. Bd3 Rf6 15. Qh5 Bd7 16. gxf5 Qf8 17. Rd2 Kh8 18. Nh3 Rh6 19. Qg4 Qg7 20. Qe4 Rxh4 21. f4 exf4 22. Re2 Bf6 23. Rg2 Qh6 24. Rgh2 f3+ 25. Kb1 Rxe4 26. Nxe4 Be5 27. Nhg5 Qxh2 28. Rxh2 Bxh2 29. Nxf3 0-1

[Event "Heusenstamm Sparkassen op-A 3rd"]
[Site "Heusenstamm"]
[Date "2016.11.27"]
[Round "4"]
[White "Eggenstein, Frank"]
[Black "Vangsgaard, Freja"]
[Result "1/2-1/2"]
[WhiteElo "2077"]
[BlackElo "1948"]
[PlyCount "75"]
[EventDate "2016.11.24"]
[EventType "swiss"]
[EventRounds "7"]
[EventCountry "GER"]
[SourceTitle "EXT 2018"]
[Source "ChessBase"]
[SourceDate "2017.10.13"]
[SourceVersion "1"]
[SourceVersionDate "2017.10.13"]
[SourceQuality "1"]

1. e4 c6 2. d3 d5 3. Nd2 dxe4 4. dxe4 e5 5. Ngf3 Qc7 6. Bc4 Bg4 7. 0-0 Nf6 8. a4 Be7 9. b3 0-0 10. Bb2 Nbd7 11. Re1 Bh5 12. h3 Rfe8 13. g4 Bg6 14. Nh2 Nc5 15. f3 Bd6 16. Qe2 Ne6 17. Bxe6 Rxe6 18. Nc4 Bc5+ 19. Kh1 Nd7 20. Nf1 f6 21. Nce3 Bf7 22. Ng2 g5 23. Nfe3 h6 24. Nf5 Kh7 25. Red1 Nf8 26. Rd3 Ree8 27. Rad1 Rad8 28. Qd2 Rxd3 29. Qxd3 Kg6 30. h4 Be6 31. h5+ Kh7 32. Ne1 Bc8 33. Qc4 Ne6 34. b4 Bf8 35. Bc3 Rd8 36. Qe2 Rxd1 37. Qxd1 Qd7 38. Qxd7+ 1/2-1/2

[Event "Heusenstamm Sparkassen op-A 3rd"]
[Site "Heusenstamm"]
[Date "2016.11.27"]
[Round "3"]
[White "Kornitzky, Tino"]
[Black "Eggenstein, Frank"]
[Result "1-0"]
[WhiteElo "2018"]
[BlackElo "2077"]
[PlyCount "89"]
[EventDate "2016.11.24"]
[EventType "swiss"]
[EventRounds "7"]
[EventCountry "GER"]
[SourceTitle "EXT 2018"]
[Source "ChessBase"]
[SourceDate "2017.10.13"]
[SourceVersion "1"]
[SourceVersionDate "2017.10.13"]
[SourceQuality "1"]

1. d4 Nf6 2. c4 g6 3. Nc3 Bg7 4. e4 d6 5. Nf3 0-0 6. Be2 e5 7. d5 a5 8. Bg5 h6 9. Bh4 Na6 10. Nd2 Nc5 11. 0-0 Bd7 12. b3 Qe8 13. a3 b6 14. f3 Nh7 15. b4 Nb7 16. Qc2 h5 17. Bf2 Qe7 18. Nb3 Rfc8 19. Rfb1 Bf8 20. Bd3 Qg5 21. Nd1 Qd8 22. c5 bxc5 23. Nxc5 Nxc5 24. bxc5 c6 25. dxc6 Bxc6 26. Bc4 dxc5 27. Qa2 Ra7 28. Nc3 Kg7 29. Rd1 Qe8 30. Nd5 Rb8 31. Rd2 Bb5 32. Rad1 Bxc4 33. Qxc4 Qb5 34. Qc3 f6 35. Bg3 Rab7 36. Nxf6 Nxf6 37. Bxe5 Re8 38. Bxf6+ Kh7 39. Rd5 Rc8 40. e5 Qc6 41. Qc4 Rcc7 42. e6 Be7 43. Ba1 Bf8 44. Qe4 Qe8 45. Rxh5+ 1-0

[Event "Heusenstamm Sparkassen op-A 3rd"]
[Site "Heusenstamm"]
[Date "2016.11.27"]
[Round "5"]
[White "Krastev, Alexander"]
[Black "Eggenstein, Frank"]
[Result "0-1"]
[WhiteElo "1981"]
[BlackElo "2077"]
[PlyCount "86"]
[EventDate "2016.11.24"]
[EventType "swiss"]
[EventRounds "7"]
[EventCountry "GER"]
[SourceTitle "EXT 2018"]
[Source "ChessBase"]
[SourceDate "2017.10.13"]
[SourceVersion "1"]
[SourceVersionDate "2017.10.13"]
[SourceQuality "1"]

1. e4 e6 2. Nf3 d5 3. Nc3 Nf6 4. e5 Nfd7 5. d4 c5 6. dxc5 Nc6 7. Bf4 Nxc5 8. Bd3 Be7 9. 0-0 a6 10. a3 g5 11. Bg3 h5 12. h3 Nxd3 13. cxd3 Bd7 14. Re1 b5 15. Qd2 g4 16. hxg4 hxg4 17. Nh2 Nd4 18. Qf4 Nc2 19. Nxg4 Nxa1 20. Rxa1 Qb6 21. Nf6+ Kd8 22. Rc1 Bc6 23. Bh4 Ra7 24. Bg5 Rc7 25. Bh6 b4 26. axb4 Kc8 27. Qg5 Rd8 28. Qh5 Bxf6 29. exf6 Qxb4 30. Ne2 Be8 31. Rxc7+ Kxc7 32. Bf4+ Kb7 33. Qe5 Qe1+ 34. Kh2 Rc8 35. Bg3 Bb5 36. Qh5 Be8 37. f4 Qf1 38. Nd4 Rc1 39. Kh3 Qh1+ 40. Bh2 Qd1 41. Qh8 Qxd3+ 42. Nf3 Rc8 43. Qg8 Qf5+ 0-1

[Event "GER-chT Betriebe 16th"]
[Site "Dresden"]
[Date "2016.11.03"]
[Round "1.2"]
[White "Santos, Paulo J"]
[Black "Eggenstein, Frank"]
[Result "1/2-1/2"]
[WhiteElo "1831"]
[BlackElo "2032"]
[PlyCount "46"]
[EventDate "2016.11.03"]
[EventType "team-swiss"]
[EventRounds "7"]
[EventCountry "GER"]
[SourceTitle "EXT 2020"]
[Source "ChessBase"]
[SourceDate "2019.10.17"]
[SourceVersion "1"]
[SourceVersionDate "2019.10.17"]
[SourceQuality "1"]
[WhiteTeam "Muenchen Europ Patentamt II"]
[BlackTeam "Essen RWE"]
[WhiteTeamCountry "GER"]
[BlackTeamCountry "GER"]

1. e4 e6 2. d4 d5 3. Nd2 Be7 4. Bd3 Nf6 5. e5 Nfd7 6. Ne2 c5 7. c3 Nc6 8. 0-0 Qb6 9. Nf3 cxd4 10. cxd4 0-0 11. Nc3 f6 12. exf6 Bxf6 13. Na4 Qd8 14. Re1 e5 15. dxe5 Ndxe5 16. Nxe5 Bxe5 17. Nc3 Bxh2+ 18. Kxh2 Qh4+ 19. Kg1 Qxf2+ 20. Kh2 Qh4+ 21. Kg1 Bg4 22. Be2 Qf2+ 23. Kh2 Qh4+ 1/2-1/2

[Event "Vellmar op 8th"]
[Site "Vellmar"]
[Date "2016.07.30"]
[Round "5"]
[White "Pienski, Olaf"]
[Black "Eggenstein, Frank"]
[Result "0-1"]
[WhiteElo "2168"]
[BlackElo "2032"]
[PlyCount "80"]
[EventDate "2016.07.28"]
[EventType "swiss"]
[EventRounds "7"]
[EventCountry "GER"]
[SourceTitle "CBM 173 Extra"]
[Source "ChessBase"]
[SourceDate "2016.08.29"]
[SourceVersion "1"]
[SourceVersionDate "2016.08.29"]
[SourceQuality "1"]

1. e4 e6 2. d4 d5 3. e5 c5 4. c3 Nc6 5. Nf3 Bd7 6. Be3 Qc7 7. Be2 Nh6 8. 0-0 Nf5 9. a3 c4 10. Nbd2 Na5 11. h4 h6 12. Bf4 Be7 13. h5 Nh4 14. Nxh4 Bxh4 15. Bh2 Nb3 16. Nxb3 Ba4 17. Qb1 Bxb3 18. f4 0-0-0 19. f5 Rdf8 20. Bg4 Qe7 21. fxe6 fxe6 22. Qg6 Kd7 23. Bxe6+ Qxe6 24. Qxg7+ Be7 25. Rf6 Rfg8 26. Qf7 Qxf7 27. Rxf7 Ke6 28. Rf2 Rg5 29. Raf1 Rxh5 30. Bf4 Rf5 31. Kh2 h5 32. g3 Rhf8 33. Kg2 Ba4 34. Kf3 h4 35. Kg4 Rg8+ 36. Kh3 hxg3 37. Bxg3 Rh5+ 38. Kg2 Rhg5 39. Rf3 Bc2 40. Kf2 Be4 0-1

[Event "Vellmar op 8th"]
[Site "Vellmar"]
[Date "2016.07.28"]
[Round "1"]
[White "Eggenstein, Frank"]
[Black "Reitz, Theresa"]
[Result "1-0"]
[WhiteElo "2032"]
[BlackElo "1824"]
[PlyCount "70"]
[EventDate "2016.07.28"]
[EventType "swiss"]
[EventRounds "7"]
[EventCountry "GER"]
[SourceTitle "CBM 173 Extra"]
[Source "ChessBase"]
[SourceDate "2016.08.29"]
[SourceVersion "1"]
[SourceVersionDate "2016.08.29"]
[SourceQuality "1"]

1. e4 c5 2. Nf3 e6 3. c3 a6 4. d4 cxd4 5. cxd4 b5 6. Bd3 Bb7 7. 0-0 d6 8. a3 Nf6 9. Nc3 Be7 10. Qe2 0-0 11. Rd1 Nbd7 12. h3 Nb6 13. b3 Rc8 14. Bd2 h6 15. Re1 Re8 16. Qe3 Nh7 17. Ne2 Ng5 18. Nxg5 Bxg5 19. f4 Bh4 20. g3 Be7 21. Qf2 d5 22. e5 Rf8 23. Ba5 Rc6 24. Kh2 Kh8 25. Ng1 Bc8 26. Nf3 Bd7 27. g4 Qc8 28. Rg1 b4 29. Bxb4 Bxb4 30. axb4 Rc3 31. Rgd1 Rxb3 32. g5 Nc4 33. Kh1 Nb2 34. gxh6 gxh6 35. Qh4 Nxd3 1-0

[Event "NRW Class1 1516"]
[Site "Germany"]
[Date "2015.12.20"]
[Round "4.7"]
[White "Eggenstein, Frank"]
[Black "Sirringhaus, Wilfried"]
[Result "0-1"]
[WhiteElo "1939"]
[BlackElo "2054"]
[PlyCount "94"]
[EventDate "2015.09.27"]
[EventType "team-tourn"]
[EventRounds "9"]
[EventCountry "GER"]
[SourceTitle "EXT 2017"]
[Source "ChessBase"]
[SourceDate "2016.10.25"]
[SourceVersion "1"]
[SourceVersionDate "2016.10.25"]
[SourceQuality "1"]
[WhiteTeam "Erkenschwick"]
[BlackTeam "Duisburg"]
[WhiteTeamCountry "GER"]
[BlackTeamCountry "GER"]

1. e4 e5 2. Nf3 Nc6 3. d4 exd4 4. Nxd4 Bc5 5. Nb3 Bb6 6. Nc3 a5 7. a4 Nb4 8. Qe2 d6 9. g3 Nf6 10. Bg5 h6 11. Bf4 Ng4 12. Nd1 g5 13. Be3 Nxe3 14. Nxe3 Bxe3 15. fxe3 c5 16. Bg2 Be6 17. Nc1 Qb6 18. 0-0 Nc6 19. b3 c4 20. bxc4 Ne5 21. Nd3 Bxc4 22. Rfd1 0-0 23. Qd2 Rac8 24. Rab1 Qa7 25. Re1 Rfd8 26. Nxe5 dxe5 27. Qf2 Kg7 28. Qf5 f6 29. Qf2 Rc7 30. Bf1 Qc5 31. h4 Rd6 32. Bh3 Bf7 33. Rbc1 Qb4 34. hxg5 hxg5 35. Bf5 Qd2 36. Rf1 Qxf2+ 37. Rxf2 Rc3 38. Re2 Rb6 39. Bd7 Bg6 40. Bb5 Bxe4 41. Rd1 Bf3 42. Rd7+ Kg6 43. Re1 e4 44. Rd2 Kh5 45. Kf2 Kg4 46. Rc1 f5 47. Rd8 Rh6 0-1

[Event "GER-chT Betriebe 15th"]
[Site "Munich"]
[Date "2015.10.25"]
[Round "7.1"]
[White "Eggenstein, Frank"]
[Black "Koerlin, Hans Juergen"]
[Result "1-0"]
[WhiteElo "2013"]
[BlackElo "1882"]
[PlyCount "67"]
[EventDate "2015.10.22"]
[EventType "team-swiss"]
[EventRounds "7"]
[EventCountry "GER"]
[SourceTitle "EXT 2020"]
[Source "ChessBase"]
[SourceDate "2019.10.17"]
[SourceVersion "1"]
[SourceVersionDate "2019.10.17"]
[SourceQuality "1"]
[WhiteTeam "Essen RWE"]
[BlackTeam "Berlin Tempelhof"]
[WhiteTeamCountry "GER"]
[BlackTeamCountry "GER"]

1. e4 e5 2. Nf3 Nc6 3. d4 exd4 4. Nxd4 Nf6 5. Nxc6 bxc6 6. e5 Qe7 7. Qe2 Nd5 8. c4 Ba6 9. Nd2 0-0-0 10. Qe4 Nb6 11. b3 d5 12. Qe3 d4 13. Qg3 c5 14. Bd3 h5 15. f4 h4 16. Qh3+ Kb8 17. 0-0 g6 18. Ne4 Bg7 19. Ba3 Nd7 20. b4 Bc8 21. Qf3 Bb7 22. bxc5 Bc6 23. Rab1+ Kc8 24. Nd6+ Qxd6 25. cxd6 Bxf3 26. Rxf3 cxd6 27. Bxd6 Bf8 28. c5 Bxd6 29. Ba6+ Kc7 30. cxd6+ Kc6 31. Bb7+ Kc5 32. Rff1 d3 33. Rfc1+ Kd4 34. Kf2 1-0

[Event "NRW Class1 1415"]
[Site "Germany"]
[Date "2015.02.08"]
[Round "6.7"]
[White "Eggenstein, Frank"]
[Black "Pieczka, Reiner"]
[Result "1/2-1/2"]
[WhiteElo "1925"]
[BlackElo "1950"]
[PlyCount "53"]
[EventDate "2014.09.14"]
[EventType "team-tourn"]
[EventRounds "9"]
[EventCountry "GER"]
[SourceTitle "EXT 2017"]
[Source "ChessBase"]
[SourceDate "2016.10.25"]
[SourceVersion "1"]
[SourceVersionDate "2016.10.25"]
[SourceQuality "1"]
[WhiteTeam "Erkenschwick"]
[BlackTeam "Letmathe"]
[WhiteTeamCountry "GER"]
[BlackTeamCountry "GER"]

1. e4 e6 2. d4 d5 3. e5 c5 4. c3 Bd7 5. Nf3 Qb6 6. Be2 cxd4 7. cxd4 Bb5 8. 0-0 Bxe2 9. Qxe2 Qa6 10. Qd1 Nc6 11. Nc3 Bb4 12. Ne2 Nge7 13. a3 Ng6 14. Be3 Be7 15. b4 Rc8 16. Qd2 b5 17. Rfc1 0-0 18. Ne1 Qb6 19. Nd3 a5 20. Nc5 Rc7 21. Rc2 Rfc8 22. Rac1 Bxc5 23. Rxc5 axb4 24. axb4 Nf8 25. f4 Nd7 26. R5c2 Ne7 27. g4 1/2-1/2

[Event "Karl Mala Memorial op-A 17th"]
[Site "Frankfurt"]
[Date "2014.08.02"]
[Round "4"]
[White "Doeserich, Juergen"]
[Black "Eggenstein, Frank"]
[Result "0-1"]
[WhiteElo "2114"]
[BlackElo "1991"]
[PlyCount "94"]
[EventDate "2014.07.31"]
[EventType "swiss"]
[EventRounds "7"]
[EventCountry "GER"]
[SourceTitle "EXT 2015"]
[Source "ChessBase"]
[SourceDate "2014.11.20"]
[SourceVersion "1"]
[SourceVersionDate "2014.11.20"]
[SourceQuality "1"]

1. d4 Nf6 2. c4 g6 3. Nc3 Bg7 4. e4 d6 5. Nf3 0-0 6. Be2 e5 7. 0-0 Nc6 8. d5 Ne7 9. Ne1 Nd7 10. Nd3 f5 11. Bd2 Nf6 12. f3 f4 13. c5 g5 14. cxd6 cxd6 15. Nf2 Ng6 16. Qc2 h5 17. Rfc1 Rf7 18. h3 g4 19. hxg4 hxg4 20. fxg4 Bh6 21. Bf3 Bg5 22. Ncd1 Bh4 23. Qb3 Rg7 24. Rc4 Nf8 25. Rac1 Bxg4 26. Bxg4 Nxg4 27. Nh3 Nf6 28. R1c3 Qe8 29. Qc2 Qg6 30. Bc1 Ng4 31. Rf3 Rb8 32. a4 b6 33. b4 Rd8 34. Qe2 Nf6 35. Rfc3 Ng4 36. Qf3 Nf6 37. Bd2 N8d7 38. Rd3 Kh8 39. Bc1 Rdg8 40. Rd2 Qh7 41. Kh1 Rg3 42. Qe2 f3 43. Qxf3 Rxf3 44. gxf3 Be1 45. Rh2 Bg3 46. Rcc2 Bxh2 47. Rxh2 Nxe4 0-1

[Event "Karl Mala Memorial op-A 17th"]
[Site "Frankfurt"]
[Date "2014.08.01"]
[Round "2"]
[White "Weller, Manuel"]
[Black "Eggenstein, Frank"]
[Result "1-0"]
[WhiteElo "2203"]
[BlackElo "1991"]
[PlyCount "61"]
[EventDate "2014.07.31"]
[EventType "swiss"]
[EventRounds "7"]
[EventCountry "GER"]
[SourceTitle "EXT 2015"]
[Source "ChessBase"]
[SourceDate "2014.11.20"]
[SourceVersion "1"]
[SourceVersionDate "2014.11.20"]
[SourceQuality "1"]

1. e4 e6 2. d4 d5 3. Nc3 Bb4 4. e5 Ne7 5. a3 Bxc3+ 6. bxc3 c5 7. Qg4 Qc7 8. Qxg7 Rg8 9. Qxh7 Nbc6 10. Qd3 cxd4 11. f4 dxc3 12. Nf3 Nf5 13. Rb1 d4 14. Rg1 Qd7 15. g4 Nfe7 16. Ng5 Rxg5 17. fxg5 Ng6 18. Qg3 Ncxe5 19. Bb5 Nc6 20. h4 Qd5 21. Bd3 b6 22. Rb5 Qd7 23. h5 Nge7 24. g6 fxg6 25. hxg6 Bb7 26. Rh5 0-0-0 27. Rf1 Rg8 28. Rf7 Nd8 29. Rhh7 Nxf7 30. gxf7 Rd8 31. Bg5 1-0